000 00341nam a2200157Ia 4500
100 _aMCGINNIS/ALAN JOY.
650 _aPhilosophy
942 _cBK
654 _aFRIENDSHIP
245 _aFRIENDSHIP FACTOR
260 _bBetter Yourself Books
_aBandra
_c1979
082 _a170/MCG
_bMCG
300 _a272
546 _aENGLISH
999 _c30086
_d30086